Saudi Arabia in the 1980s : foreign policy, security, and oil /

Bibliographic Details
Main Author: Quandt, William B.
Format: Book
Language:English
Published: Washington, D.C. : Brookings Institution, [1981]
Subjects:

MARC

Tag First Indicator Second Indicator Subfields
LEADER 00000pam a2200000 a 4500
001 in00000084093
005 20151008055650.0
008 811008s1981 dcubf b 00110 eng
010 |a  81018086  
020 |a 0815772866 
020 |a 0815772858 (pbk.) 
035 |a (OCoLC)07923477 
035 |9 AAJ4056AM 
039 0 |a 2  |b 3  |c 3  |d 3  |e 3 
040 |a DLC  |c DLC  |d TXA  |d UtOrBLW 
043 |a a-su--- 
049 |a TXAM  |c [1442654] 
050 0 0 |a DS227  |b .Q36 
082 0 |a 327.538  |2 19 
100 1 |a Quandt, William B. 
245 1 0 |a Saudi Arabia in the 1980s :  |b foreign policy, security, and oil /  |c William B. Quandt. 
264 1 |a Washington, D.C. :  |b Brookings Institution,  |c [1981] 
264 4 |c ©1981 
300 |a x, 190 pages, 2 unnumbered pages of plates :  |b map ;  |c 24 cm. 
336 |a text  |b txt  |2 rdacontent 
337 |a unmediated  |b n  |2 rdamedia 
338 |a volume  |b nc  |2 rdacarrier 
500 |a Includes index. 
504 |a Bibliography: pages 180-185. 
651 0 |a Saudi Arabia  |x Foreign relations. 
651 0 |a Saudi Arabia  |x Politics and government. 
999 |a MARS 
999 f f |s 967ad1b7-73a8-3148-a8d8-d7ba4e7fca89  |i 7f513ddc-5d35-36b2-bf9c-9d06ff231c90  |t 0 
952 f f |p normal  |a Texas A&M University  |b College Station  |c Sterling C. Evans Library  |d Evans: Library Stacks  |t 0  |e DS227 .Q36  |h Library of Congress classification  |i unmediated -- volume  |m A14806100986 
998 f f |a DS227 .Q36  |t 0  |l Evans: Library Stacks